00000000nam##2200000za#4500
0019.600282
003CaOODSP
00520210624205511
007cr |||||||||||
008150406|1999||||xxc|||||o    f|0| 0 fre|d
040 |aCaOODSP|bfre
043 |an-cn---
0861 |aBT31-4/33-1999F-PDF
1101 |aCanada. |bConseil du trésor.
24510|aTribunal de l'aviation civile du Canada, rapport sur le rendement pour la période se terminant le 31 mars 1999 |h[ressource électronique]
2463 |aTribunal de l’aviation civile, rapport de rendement pour la période se terminant le 31 mars 1999
260 |aOttawa - Ontario : |bSecrétariat du Conseil du Trésor du Canada |cc1999.
300 |a25p.|bgraphiques, organigramme, tableaux, index
4901 |aRapport sur le rendement pour la période se terminant le 31 mars 1999 |vPour la période se terminant le 31 mars 1999
500 |aLe n° de catalogue (BT31-4/33-1999) et l’ISBN (0-660-61045-0) de l’édition imprimée bilingue ont été incorrectement copiés dans cette édition électronique.
590 |a11-04-Supp|b2011-02-17
77508|tCivil Aviation Tribunal of Canada, performance report for the period ending March 31, 1999 |w(CaOODSP)9.569042
7760#|tCivil Aviation Tribunal of Canada |w(CaOODSP)9.532466
7760#|tTribunal de l'aviation civile du Canada |w(CaOODSP)9.532467
830#0|aRapport sur le rendement pour la période se terminant le 31 mars 1999 ;|vPour la période se terminant le 31 mars 1999|w(CaOODSP)9.502657
85640|ahttp://publications.gc.ca|qPDF|s1.40 Mo|uhttps://publications.gc.ca/collections/Collection/BT31-4-33-1999F.pdf|yPour la période se terminant le 31 mars 1999